000 01389nam0a2200301 4500
001 RU\NLR\bibl\52690
005 20260406052245.0
021 _aRU
_b99-23192
_91124
035 _a(NLR Aleph) 000051403
090 _a275572
_c275572
100 _a19991013d1999 |||y0rusy50 ca
101 0 _arus
102 _aRU
105 _aa |||||||||
200 1 _aСтавропольский край
_eРабочая тетр. по географии
_e[Для учащихся общеобразоват. шк.]
_fИвановский Владимир Александрович
210 _aСтаврополь
_cСКИПКРО
_d1999
215 _a38 с.
_cил.
_d20
607 _aСтавропольский край
_jРуководства, пособия и т.п.
_xГеография
_91685361
_3RU\NLR\auth\661047298
607 _aСтавропольский край
_jУчебные издания для средней школы
_xГеография
_91685361
_3RU\NLR\auth\661047298
686 _aД890(2Р37-4Ст)я721-5
700 1 _4070
_8rus
_7ca
_aИвановский
_bВ. А.
_cканд. пед. наук
_f1952-
_gВладимир Александрович
_3RU\NLR\auth\777275
_9117212
801 0 _aRU
_bNLR
_c19991013
_gPSBO
801 1 _aRU
_bNLR
_c19991013
830 _aАвт. дан по кн.
852 _aNLR
_j99-4/6931
942 _cBOOK
980 _aNB